| 000 | 00538nam a2200169Ia 4500 | ||
|---|---|---|---|
| 003 | Ost | ||
| 005 | 20260507075700.0 | ||
| 008 | 260507s9999||||xx |||||||||||||| ||und|| | ||
| 040 | _cfsecg | ||
| 041 | _aara | ||
| 100 |
_aحسين، احمد حسين علي _eمؤلف |
||
| 245 | 0 |
_aالمحاسبة الادارية المتقدمة / _c احمد حسين علي حسين |
|
| 260 |
_aالاسكندرية: _bالدار الجامعية, _c2002 |
||
| 300 | _a428 صفحة؛ | ||
| 653 | _aادارة - محاسبة | ||
| 942 | _cكتاب | ||
| 999 |
_c45808 _d45808 |
||